| 000 | 00707nam a2200193 a 4500 | ||
|---|---|---|---|
| 005 | 20210219160241.0 | ||
| 008 | 080930s2000 mx r 000 0 spa d | ||
| 035 | _aUPN01000161450 | ||
| 049 | _aUNE | ||
| 080 | _aOC 362.178 (7/8) "1992" GRA 2ejem. | ||
| 245 | 0 | 0 | _aGráficas: fecundidad y planificación familiar en América Latina: retos para ladecada de 1990. |
| 260 | _aWashington, D.C. : PRB, 1992. | ||
| 300 | _a32 p.; 24 x 24 cm. il., retrs., fot. | ||
| 690 | _aPlanificacion de la familia- America Latina | ||
| 690 | _aControl de la natalidad- America Latina | ||
| 690 | _aAmerica Latina- Planificacion de la familia | ||
| 710 | 2 | _aPRB. Population Reference Bureau, Inc. | |
| 905 | _aUNESCO | ||
| 999 |
_c133563 _d133563 |
||